Olasz-magyar kifejezések és szólások szótára (Fábián Zsuzsanna - Danilo Gheno Sapienti sat. Olasz-magyar kifejezések és szólások tára) /

Elmentve itt :
Bibliográfiai részletek
Szerző: Fóris Ágota
Dokumentumtípus: Cikk
Megjelent: 2004
Sorozat:Iskolakultúra 14 No. 6-7
Online Access:http://misc.bibl.u-szeged.hu/39487
LEADER 00679nab a2200169 i 4500
001 misc39487
005 20191106140740.0
008 180709s2004 hu o 0|| zxx d
022 |a 1215-5233 
040 |a SZTE Miscellanea Repozitórium  |b hun 
041 |a zxx 
100 1 |a Fóris Ágota 
245 1 0 |a Olasz-magyar kifejezések és szólások szótára (Fábián Zsuzsanna - Danilo Gheno  |h [elektronikus dokumentum] :  |b Sapienti sat. Olasz-magyar kifejezések és szólások tára) /  |c  Fóris Ágota 
260 |c 2004 
300 |a 210-212 
490 0 |a Iskolakultúra  |v 14 No. 6-7 
856 4 0 |u http://misc.bibl.u-szeged.hu/39487/1/EPA00011_iskolakultura_2004_06_07_210-212.pdf  |z Dokumentum-elérés